Fr. Conceicao Rodrigues College of Engineering

Fields and Waves in Communications Electronics 3rd ed (Record no. 30403)

MARC details
000 -LEADER
fixed length control field 00344nam a2200145Ia 4500
082 ## - DEWEY DECIMAL CLASSIFICATION NUMBER
Classification number 537
Item number RAM
100 ## - MAIN ENTRY--PERSONAL NAME
Personal name Ramo Simon & others
245 ## - TITLE STATEMENT
Title Fields and Waves in Communications Electronics 3rd ed
260 ## - PUBLICATION, DISTRIBUTION, ETC.
Name of publisher, distributor, etc. John Wiley
Place of publication, distribution, etc. Singapore
Date of publication, distribution, etc. 1993
300 ## - PHYSICAL DESCRIPTION
Extent 844
546 ## - LANGUAGE NOTE
Language note ENGLISH
654 ## - SUBJECT ADDED ENTRY--FACETED TOPICAL TERMS
Focus term Electronics
942 ## - ADDED ENTRY ELEMENTS (KOHA)
Koha item type BOOK
Holdings
Withdrawn status Lost status Damaged status Not for loan Collection Home library Current library Shelving location Date acquired Source of acquisition Cost, normal purchase price Inventory number Total Checkouts Full call number Barcode Date last seen Cost, replacement price Price effective from Koha item type
        CRC Fr. Agnel's C.Rodrigues College of Engineering Fr. Agnel's C.Rodrigues College of Engineering   17/03/2023 global books 208.80 28   537 RAM 8209 17/03/2023 208.80 17/03/2023 BOOK
        CRC Fr. Agnel's C.Rodrigues College of Engineering Fr. Agnel's C.Rodrigues College of Engineering   17/03/2023 global books 208.80 29   5371 RAM 8248 17/03/2023 208.80 17/03/2023 BOOK
        CRC Fr. Agnel's C.Rodrigues College of Engineering Fr. Agnel's C.Rodrigues College of Engineering   17/03/2023 global books 208.80 29   5371 RAM 8249 17/03/2023 208.80 17/03/2023 BOOK